00955nam a22002297a 4500999001700000003000900017008004100026040007100067082002200138100002100160245003000181260003400211300004400245440004000289505018900329650003000518650001900548650003300567942001600600945000900616952010000625 c10041d10041AR-CdUCM190329b ||||| |||| 00| 0 spa d aMUNICIPALIDAD PROVINCIAL DEL CUSCOcBIBLIOTECA MUNICIPAL DEL CUSCO aES / 800 /bAV958 aAvila, Teresa de aM. Dolores Garcia-Lomas / aBarcelona :bEditorial Mateu. a249 páginas ;bIlustraciones,c19 cm. aColección mujeres Insignes926662 aContenido: Un bautizo en la ciudad amurallada -- Un paso hacia el martirio -- Buscando "tierra de moros" -- El retorno al hogar -- Muere Doña Beatriz -- María contrae matrimonio... aLiteratura universal9611 aFicción9184 aHIstoria de una monja915805 2ddccLIBROS adavv 002ddc4070aSIbSIcCARTd2019-03-29g20.00oES / 800 / AV958pSI00000265r2019-03-29yLIBROS